000
00342nam a2200157Ia 4500
008
210210b1935 xxu||||| |||| 00| 0 eng d
041
_a
eng
082
_a
828/271
100
_a
GWYNN (S)
245
_a
Oliver Goldsmith
260
_a
London
_b
-
_c
1935
650
_a
Oliver
650
_a
Goldsmith
690
_a
Biography
906
_a
016116
999
_c
135522
_d
135522